000 00497nam a2200157 i 4500
001 26933
003 ES-MaACL
005 20230906153528.0
007 t|
008 030113s1865 sp ||||1| spa d
110 2 _aAteneo Balear.
_91843
245 1 0 _aActa de la sesión pública extraordinaria celebrada en el Ateneo Balear el 6 de abril de 1865 /
_cAteneo Balear.
260 _aPalma :
_b[s.n.,
_c1865]
610 2 4 _aAteneo Balear-
_vDiscursos de apertura.
_9169360
852 _aES-MaACL
_jT-64-F-8
999 _c26933
_d26933